000 01463nam a2200289 4500
001 114353
003 DR-UNIBE
005 20260129155728.0
008 260129b2011 dr ||||| |||| 00| 0 spa d
020 _a9789945164466
040 _aBIBLIOTECA UNIBE
_bspa
_cBIBLIOTECA UNIBE
_erda
041 _aspa
082 _aRD 362.27 G633m
100 1 0 _aGómez, José Miguel,
_d1959 -
_932398
_eautor
245 1 3 _aEl marido psicópata : un monstruo vestido de señor /
_cJosé Miguel Gómez
260 _aSanto Domingo :
_bEditora Búho,
_c2011
300 _a154 páginas :
_c21 x 13 cm
500 _aInformación del autor en la solapa, comentario de la obra en la contraportada
505 _aPresentación | Prólogo | Capítulo I. Cuerpo y esqueleto de un psicópata | Capítulo II. Actitudes emocionales de los psicópatas | Capítulo III. Riesgos psicosociales del os psicópatas | Capítulo IV. Salud mental de la mujer víctima del psicópata | Capítulo V. El psicópata: alguien para no negociar | Capítulo VI. ¿Qué hacer con un marido psicópata? | Bibliografía
650 7 _2lemb
_aPsicópatas
_9201950
650 7 _2lemb
_aTrastornos de la personalidad antisocial
_9201951
650 7 _2lemb
_aViolencia contra la mujer
700 1 0 _aRodríguez de Báez, Martha
_9198116
_epresentación
700 1 0 _aLara de Marmol, Soraya
_9201945
_epresentación
700 1 0 _aDeschamps, Alexandra
_956287
_ediagramador
_ecubierta
942 _2ddc
_cBK
999 _c114353
_d114353